Born in Hawaii Quiz Stats

 Plays Quiz Updated Dec 13, 2014

Also try: Born in Washington
Challenge
Share
Tweet
Score 0/16 Timer 04:00
0 Plays Today
% Correct
Barack Obama
99.2%
Bruno Mars
83.5%
Nicole Kidman
79.1%
Bette Midler
70.4%
Michelle Wie
33.1%
Lauren Graham
29.3%
Jack Johnson
25.4%
Nicole Scherzinger
20.1%
% Correct
Jason Momoa
17.1%
Timothy Olyphant
15.5%
Maggie Q
13.9%
Kelly Preston
13.6%
Carrie Ann Inaba
13%
Tia Carrere
12.3%
Janel Parrish
3.9%
Olin Kreutz
2.5%

You're not logged in!

Compare scores with friends on all Sporcle quizzes.
OR
Log In

You Might Also Like...

Show Comments

Extras

Top Quizzes Today


Score Distribution

Your Account Isn't Verified!

In order to create a playlist on Sporcle, you need to verify the email address you used during registration. Go to your Sporcle Settings to finish the process.

Report this User

Report this user for behavior that violates our Community Guidelines.

Details: